Fulham Premiership 1-11 Quiz Stats

 Plays Quiz not verified by Sporcle

Challenge
Share
Tweet
Embed
Score 0/87 Timer 09:00
0 Plays Today
No. Player % Correct
1Edwin van der Sar
91.6%
1Mark Schwarzer
88.6%
9Orlando Sá
80.1%
5Brede Hangeland
78.3%
9Dimitar Berbatov
77.7%
3John Arne Riise
76.5%
11Bryan Ruiz
74.1%
11Luis Boa Morte
67.5%
11Zoltán Gera
66.9%
4Philippe Senderos
65.7%
1Kasey Keller
65.1%
6Junichi Inamoto
64.5%
8Brian McBride
63.9%
8Louis Saha
63.9%
1Maarten Stekelenburg
63.9%
2Moritz Volz
62%
3Carlos Bocanegra
61.4%
8Andrew Johnson
60.2%
2Steve Finnan
59%
6Chris Baird
56.6%
4Steed Malbranque
55.4%
9David Healy
54.8%
2Stephen Kelly
53.6%
3Carlos Salcido
52.4%
10Pajtim Kasami
51.8%
8Pajtim Kasami
51.8%
9Bobby Zamora
50%
9Andy Cole
48.2%
10Heiðar Helguson
48.2%
No. Player % Correct
9Heiðar Helguson
48.2%
4Paul Konchesky
47.6%
3Paul Konchesky
47.6%
10Erik Nevland
46.4%
4John Pantsil
46.4%
7Steve Sidwell
46.4%
7Steve Sidwell
46.4%
4Steve Sidwell
46.4%
9Steve Marlet
45.2%
7Steve Marlet
45.2%
7Pavel Pogrebnyak
43.4%
5Chris Coleman
41.6%
9Facundo Sava
41.6%
11Diomansy Kamara
41.6%
7Seol Ki-Hyeon
39.2%
8Alexey Smertin
38.6%
11Alexander Kačaniklić
38%
5Sylvain Legwinski
37.3%
6Zat Knight
37.3%
1Mark Crossley
36.1%
9Mahamadou Diarra
35.5%
10John Collins
34.9%
4Andy Melville
33.1%
7Mark Pembridge
32.5%
8Claus Jensen
31.9%
11Vincenzo Montella
31.3%
10Jari Litmanen
30.1%
10Mladen Petrić
29.5%
6Andranik Teymourian
28.9%
No. Player % Correct
10Lewis Holtby
27.7%
4John Heitinga
27.1%
3Rufus Brevett
25.9%
8Lee Clark
25.3%
10Lee Clark
25.3%
9Stefano Okaka
24.7%
6Kit Symons
22.9%
9Michael Brown
22.9%
8Michael Brown
22.9%
5Philippe Christanval
18.7%
7Jon Harley
17.5%
3Jon Harley
17.5%
6William Kvist
16.3%
7Liam Rosenior
14.5%
6Dejan Stefanović
13.3%
4Franck Queudrue
10.8%
10Björn Runström
7.2%
7Nicky Shorey
6.6%
7Giles Barnes
4.2%
1Marcus Bettinelli
0%
3Ryan Sessegnon
0%
4Denis Odoi
0%
5Calum Chambers
0%
6Kevin McDonald
0%
7Neeskens Kebano
0%
8Stefan Johansen
0%
9Aleksandar Mitrović
0%
10Tom Cairney
0%
11Floyd Ayité
0%

You're not logged in!

Compare scores with friends on all Sporcle quizzes.
Join for Free
OR
Log In

You Might Also Like...

Show Comments

Extras

Top Quizzes Today


Score Distribution

Your Account Isn't Verified!

In order to create a playlist on Sporcle, you need to verify the email address you used during registration. Go to your Sporcle Settings to finish the process.

Report this User

Report this user for behavior that violates our Community Guidelines.

Details: